02064nam a22003017a 4500003000900000008004100009040007100050082002300121110004200144245004600186260005600232300005000288440009700338505100300435650002801438650002201466650001401488650002601502650002301528650002001551650001501571700003001586700003501616700002601651700002701677700003001704700002801734AR-CdUCM190425b ||||| |||| 00| 0 spa d aMUNICIPALIDAD PROVINCIAL DEL CUSCOcBIBLIOTECA MUNICIPAL DEL CUSCO aRev.IAAC/N°6/1952 aInstituto Americano de Arte del Cuzco aRevista del Instituto Americano de Arte / aCusco :bTalleres gráficos La Económica,c1952. a272 [4] páginas. :bilustraciones ;c24 cm. aRevista del Instituto Americano de Arte Cuzco.nAño VI, [?] semestre de 1952, N°6. Vol.II aContenido: Por la liberación del Coricancha. Uriel García. -- El obispo de las anécdotas. Luis Felipe Paredes. -- El templo del Sol o Qoricancha. Manuel Chávez Ballón. -- Portadas y balcones del Cusco. Julio Gutiérrez. -- Garcilaso de la Vega y su Florida del Inca. José Gabriel Cosio. -- El primer congreso internacional de peruanistas. Horacio Villanueva. -- Mariano Corvacho y su obra pictórica. Ernesto Corvacho. Ernesto Corvacho. -- El progreso musical en el Cuzco. Miguel Ángel Nieto. -- Instituto de Folklore y lengas indígenas del Cuzco. Víctor Navarro del Águila. -- Paucartambo el hermoso pueblo. Roberto La Torre. -- El kallamacho. Lizandro Luna. -- Tradiciones e indigenismo en busca de una expresión del Cuzco. Emilio Mendizabal. -- Notas sobre el estilo colonial y la reconstrucción del Cuzco. Mario Escobar Moscoso. -- El léxico en la especulación Filosófica. Fernando Manrique. -- Ideas para una teoría de la literatura. Gustavo Pérez Ocampo... aTradiciones cusqueñas aFiestas populares aFolcklore aLiteratura cusqueña aPoetas cusqueños aArte cusqueño aQorikancha aGutiérrez Loayza, Julio aNavarro del Águila, Víctor aUriel García, Uriel aEscobar Moscoso, Mario aChávez Ballón, Manuel aPérez Ocampo, Gustavo